Nástroj na tvorbu augmentovaných datasetov pre AI

Uložené v:
Podrobná bibliografia
Hlavný autor: Ševčík, Juraj (Autor)
Ďalší autori: Orgoň, Miloš (Vedúci práce)
Médium: Rukopis Kniha
Jazyk:Slovak
Vydavateľské údaje: Bratislava : STU v Bratislave FEI, 2025
Predmet:
On-line prístup:https://opac.crzp.sk/?fn=detailBiblioFormChildY6587&sid=C218772124E30DDCC3078EA0749F&seo=CRZP-detail-kniha
Tagy: Pridať tag
Žiadne tagy, Buďte prvý, kto otaguje tento záznam!

MARC

LEADER 00000ntm a22000003a 4500
001 stuzp102056
003 SK-STU
005 20260206103840.2
007 ta
008 150427s2015----xo-----f-mn---000-0-slo-d
040 |a STU  |b slo 
041 0 |a slo 
044 |a xo 
100 1 |a Ševčík, Juraj  |u 037000  |4 aut  |U FEI Fakulta elektrotechniky a informatiky  |T FEI Ústav multimediálnych informačných a komunikačných technológií  |X 111655  |U E070  |Y 818  |7 111655 
242 0 1 |a The tool for creating augmented datasets for AI  |y eng 
245 1 0 |a Nástroj na tvorbu augmentovaných datasetov pre AI 
260 |a Bratislava :  |b STU v Bratislave FEI,  |c 2025 
300 |a 64 s. 
650 4 |a generovanie datasetu  |2 slo 
650 4 |a umelé dáta  |2 slo 
650 4 |a dátová augmentácia  |2 slo 
650 4 |a API  |2 slo 
650 4 |a tvorba dát  |2 slo 
650 4 |a dataset generation  |2 eng 
650 4 |a data creation  |2 eng 
650 4 |a API  |2 eng 
650 4 |a fake data  |2 eng 
650 4 |a data augmentation  |2 eng 
700 1 |a Orgoň, Miloš  |u 037000  |k Z1  |4 ths  |U FEI Fakulta elektrotechniky a informatiky  |T FEI Ústav multimediálnych informačných a komunikačných technológií  |X 2184  |U E070  |Y 818  |7 A000002184 
856 4 |u https://opac.crzp.sk/?fn=detailBiblioFormChildY6587&sid=C218772124E30DDCC3078EA0749F&seo=CRZP-detail-kniha